MARC

LEADER 00000nam0a2200000 4500
001 250579
005 20231101232557.0
035 |a (RuTPU)RU\TPU\book\272792 
090 |a 250579 
100 |a 20140214d1988 m y0rusy50 ca 
101 0 |a rus 
102 |a RU 
105 |a a j 001zy 
200 1 |a Оптимизация параметров низкопотенциального комплекса ТЭС  |e учебное пособие для вузов  |f Ю. А. Фирсин, Т. И. Попова, В. А. Эткин  |g Саратовский политехнический институт (СПИ) 
210 |a Саратов  |c Изд-во СПИ  |d 1988 
215 |a 60 с.  |c ил. 
320 |a Библиогр.: с. 59. 
606 1 |a Тепловые электрические станции  |x Теплосиловое оборудование  |x Теплоизоляция  |2 stltpush  |3 (RuTPU)RU\TPU\subj\59682  |9 77183 
610 1 |a теплоэнергетика 
610 1 |a теплоэнергетические предприятия 
610 1 |a теплоэнергетическое оборудование 
610 1 |a теплоэнергоснабжение 
610 1 |a водоснабжение 
610 1 |a водоохладители 
610 1 |a водоохлаждающие устройства 
610 1 |a учебные пособия 
675 |a 621.311.22.002.5:621.175(075.8)  |v 3 
700 1 |a Фирсин  |b Ю. А.  |g Юрий Андреевич 
701 1 |a Попова  |b Т. И.  |g Татьяна Ивановна 
701 1 |a Эткин  |b В. А.  |g Валерий Абрамович 
712 0 2 |a Саратовский политехнический институт (СПИ)  |c (1960-1992)  |2 stltpush  |3 (RuTPU)RU\TPU\col\283 
801 1 |a RU  |b 63413507  |c 20140214 
801 2 |a RU  |b 63413507  |c 20140218  |g RCR 
942 |c BK